000 00269cam a2200109ua 4500
082 _a823.301
_bBHA/BO
100 _aBhattacharya, .
_91639
245 _aBook of Short Studies /
260 _aCulcutta :
_bIndian press pvt ltd ,
_c1970.
300 _a148 ; .
942 _cBK
999 _c3458
_d3458